Power Electronics (Record no. 4442)

MARC details
000 -LEADER
fixed length control field 00409nam a22001697a 4500
005 - DATE AND TIME OF LATEST TRANSACTION
control field 20160628142239.0
008 - FIXED-LENGTH DATA ELEMENTS--GENERAL INFORMATION
fixed length control field 160628b xxu||||| |||| 00| 0 eng d
020 ## - INTERNATIONAL STANDARD BOOK NUMBER
ISBN 81-85749-53-1
041 ## - LANGUAGE CODE
Language code of text/sound track or separate title eng
082 ## - DEWEY DECIMAL CLASSIFICATION NUMBER
Item number 11250
100 ## - MAIN ENTRY--AUTHOR NAME
Personal name Gupta, Dr B.R. and Singhal, V.
245 ## - TITLE STATEMENT
Title Power Electronics
260 ## - PUBLICATION, DISTRIBUTION, ETC. (IMPRINT)
Name of publisher Katson Books
Year of publication 2012
300 ## - PHYSICAL DESCRIPTION
Number of Pages 596
650 ## - SUBJECT ADDED ENTRY--TOPICAL TERM
Topical Term Diploma Engineering
942 ## - ADDED ENTRY ELEMENTS (KOHA)
Koha item type Books
Holdings
Lost status Damaged status Home library Current library Shelving location Date acquired Cost, normal purchase price Full call number Accession Number Koha item type
    JRU Library   SHELF-37-G 28/06/2016 275.00 11250 11250 Books
    JRU Library   SHELF-38-A 28/06/2016 275.00 11250 11251 Books
    JRU Library   SHELF-37-G 28/06/2016 275.00 11250 11252 Books
    JRU Library   SHELF-38-A 28/06/2016 275.00 11250 11253 Books
    JRU Library   SHELF-38-A 28/06/2016 275.00 11250 11254 Books
    JRU Library   SHELF-38-A 28/06/2016 275.00 11250 11255 Books
    JRU Library   SHELF-38-A 28/06/2016 275.00 11250 11256 Books
    JRU Library   SHELF-37-G 28/06/2016 275.00 11250 11257 Books
    JRU Library   SHELF-38-A 28/06/2016 275.00 11250 11258 Books
    JRU Library   SHELF-37-G 28/06/2016 275.00 11250 11259 Books
    JRU Library   SHELF-38-A 28/06/2016 275.00 11250 11260 Books
    JRU Library   SHELF-38-A 28/06/2016 275.00 11250 11261 Books
    JRU Library   SHELF-38-A 28/06/2016 275.00 11250 11262 Books
    JRU Library   SHELF-38-A 28/06/2016 275.00 11250 11263 Books
    JRU Library   SHELF-35-G 28/06/2016 275.00 11250 11264 Books
    JRU Library   SHELF-37-G 28/06/2016 275.00 11250 11265 Books